| 000 | 00345nam a2200145Ia 4500 | ||
|---|---|---|---|
| 008 | 230917s9999||||xx |||||||||||||| ||und|| | ||
| 040 |
_e61031 _aMAIN |
||
| 041 | _aEnglish | ||
| 082 | _a823.8 F774A:E | ||
| 100 | _aAdvani, Rukun | ||
| 245 | 0 | _aE M Forster as critic | |
| 260 |
_aNew Delhi _bSelect Book _c1985 |
||
| 300 | _a255 p. | ||
| 942 | _cBK | ||
| 999 |
_c46556 _d46556 |
||